El principio de primaca̕ en la constitucin̤ de 1978

Bibliographic Details
Main Author: Lasagabaster Herrarte, Iąki
Format: eBook
Language:Spanish
Published: Madrid: Marcial Pons, 2018
Subjects:
Online Access:Acceso restringido

MARC

LEADER 00000nam a22000007a 4500
005 20210818215613.0
007 cr|||| ||||
008 210818s2018 es |||||s|||| 00||0 spa d
020 |a 978-84-9123-783-9 
035 |a 33656 
040 |a vLex 
090 |c 12044  |d 12044 
100 1 |a Lasagabaster Herrarte, Iąki 
245 1 2 |a El principio de primaca̕ en la constitucin̤ de 1978  |h [Recurso electrn̤ico] /  |c Iąki Lasagabaster Herrarte 
256 |a Servicio en ln̕ea 
260 |a Madrid:  |b Marcial Pons,  |c 2018 
300 |a 1 recurso electrn̤ico 
500 |a El principio de primaca̕ tiene un importante significado en todas las organizaciones polt̕icas caracterizadas en su organizacin̤ por tener una estructura basada en el pluralismo territorial. Del mismo modo el principio se aplica en las relaciones Derecho internacional - Derecho interno o en el m̀bito de la Unin̤ Europea. La Constitucin̤ de 1978 tambiň recogi ̤el principio. Su interpretacin̤ fue entendida en un inicio como una norma de competencia. Las normas estatales siempre preceda̕n a las autonm̤icas. Posteriormente se conceptu ̤como un principio que resolva̕ las contradicciones entre normas estatales y autonm̤icas, siempre que ambas fuesen vl̀idas. No se aclaraba sin embargo ese supuesto hasta que finalmente se enfrent ̤la situacin̤ en la que las normas estatales y autonm̤icas en contradiccin̤ se produca̕n en las materias compartidas. El Estado dicta las bases y las Comunidades Autn̤omas las normas de desarrollo. La modificacin̤ de las primeras entra en contradiccin̤ con las segundas. Estas a su vez han sido vl̀idas pero devienen contrarias a las nuevas bases estatales. Esta contradiccin̤ ha sido resuelta por el Tribunal Constitucional inadecuadamente, produciendo una evolucin̤ de su jurisprudencia que as ̕lo manifiesta. El autor desbroza esta evolucin̤ jurisprudencial y realiza una interpretacin̤ propia de este principio de primaca̕ o prevalencia constitucionalizado en el art. 149.3 CE. 
506 1 |a Disponible solo en los productos indicados  |d vLex Global  |d vLex Global (Academic Edition, excluding Law Schools)  |d vLex Global (U.S. Academic Edition, Law Schools)  |d vLex Global (U.S. Academic Edition, excluding Law Schools)  |d vLex Global (Academic Edition, Law Schools) 
650 0 4 |a Derecho Constitucional  |z Espaą 
740 0 |a vLex Libros (Servicio en ln̕ea) 
856 4 0 |u https://app.vlex.com/#/sources/33656  |z Acceso restringido 
942 |c BOOK 
999 0 |a Constitutional right